Quale capitale asiatica...? - Statistics

Statistiche generali
  • Questo quiz è stato fatto 812 volte
  • Il punteggio medio è 11 su 20
Statistiche sulle risposte
Indizio Città % Corretto
L'unica città ad aver ospitato sia le Olimpiadi estive che quelle invernali Pechino
88%
Situata ad appena 50 km a sud della Zona Demilitarizzata Seul
81%
Vi è ambientato il film "Godzilla" Tokio
76%
Le truppe americane hanno abbandonato questa città nel 2021 Kabul
71%
Situata a circa 75 km a nord dell'antica città di Babilonia Baghdad
68%
Questa città ogni anno viene sempre più sommersa dal mare e per questo si sta costruendo una nuova capitale sull'isola del Borneo. Giacarta
67%
Il suo nome significa "Città dell'Islam" Islamabad
62%
Ospita frequenti parate in cui i missili balistici intercontinentali sono l'attrazione principale Pyongyang
62%
La terza città santa dell'Islam dopo La Mecca e Medina Gerusalemme
58%
Città mediterranea un tempo conosciuta come "La Parigi del Medio Oriente" Beirut
57%
Le sue Torri Petronas erano gli edifici più alti del mondo dal 1998 al 2004 Kuala Lumpur
57%
È stato governata da Spagna, Stati Uniti e Giappone Manila
54%
Ha quattro lettere, l'ultima delle quali è U Baku
53%
I suoi hotel di lusso includono lo Yak & Yeti, l'Everest e lo Shangri-La Kathmandu
52%
Si trova nel mezzo del terzo deserto caldo più grande del mondo Riyad
44%
La capitale nazionale più fredda del mondo, fu fondata come monastero buddista nomade. Dopo essersi trasferito 28 volte, si stabilì in una sede permanente nel 1778. Ulaanbaatar
43%
Dove troverai il Memoriale di Chiang Kai-shek Taipei
36%
Roosevelt, Stalin e Churchill si incontrarono qui nel 1943 per discutere gli obiettivi di guerra Teheran
32%
La capitale del califfato omayyade Damasco
30%
Fu sotto occupazione straniera dal 1990 al 1991 Kuwait City
28%
Nessun quiz corrispondente trovato
Distribuzione punteggi
Percentuale di utenti per punteggio
Percentile per numero di risposta
I tuoi punteggi nel tempo
Non hai fatto questo quiz